[Event "San Agustin Open"]
[Site "Aviles ESP"]
[Date "2006.08.07"]
[Round "3"]
[White "Rutkowski,M"]
[Black "Videnova,I"]
[Result "1-0"]
[WhiteElo "2295"]
[BlackElo "2124"]

1.e4 c5 2.Nf3 Nc6 3.Bb5 g6 4.O-O Bg7 5.c3 Nf6 6.Qa4 O-O 7.d4 cxd4 8.cxd4 d6
9.Bxc6 bxc6 10.Qxc6 Bg4 11.Nbd2 Qc8 12.Qxc8 Rfxc8 13.Re1 Bh6 14.Nb3 Bxc1
15.Raxc1 Rxc1 16.Nxc1 Rc8 17.Nd3 Rc4 18.e5 Nd5 19.exd6 exd6 20.Re8+ Kg7 21.Nfe1 Rxd4
22.Kf1 a5 23.f3 Be6 24.Ke2 Nb4 25.Nxb4 Rxb4 26.Nd3 Rh4 27.h3 Bxa2 28.Ra8 a4
29.Ke3 Rc4 30.Rd8 Rc2 31.g3 Bc4 32.Rxd6 Bxd3 33.Rxd3 Rxb2 34.Rd4 a3 35.Ra4 Ra2
36.Kf4 Ra1 37.h4 h6 38.Ra7 Kf6 39.Ra6+ Ke7 40.Ra7+ Ke6 41.Ra6+ Kd5 42.Ra7 Kc4
43.Rxf7 Kb3 44.Rb7+ Ka2 45.Rb6 Rb1 46.Rxg6 Rb4+ 47.Kf5 Kb3 48.Re6 a2 49.Re1 Ka3
50.Ra1 Rb3 51.Kg4 Rb2 52.Rxa2+ Kxa2 53.f4 Rb5 54.f5 Kb3 55.f6 Kc4 56.f7 Rb8
57.Kf5 Kd5 58.g4 Kd6 59.Kf6 Kd7 60.g5 hxg5 61.hxg5 Ra8 62.g6  1-0

[Event "107th Annual US Open"]
[Site "Chicago USA"]
[Date "2006.08.07"]
[Round "3"]
[White "Vicary,E"]
[Black "Paschall,W"]
[Result "0-1"]
[WhiteElo "2159"]
[BlackElo "2357"]

1.e4 c5 2.Nf3 Nc6 3.Bb5 d6 4.O-O Bd7 5.Re1 Nf6 6.c3 a6 7.Bxc6 Bxc6 8.d4 Bxe4
9.Bg5 Bd5 10.Nbd2 e6 11.c4 Bxf3 12.Qxf3 cxd4 13.Bxf6 gxf6 14.Qxb7 Qc8 15.Qf3 Be7
16.Ne4 f5 17.Ng3 Rb8 18.Re2 Kf8 19.Qf4 h5 20.Qxd4 Rh7 21.Rae1 Rb7 22.Re3 Rc7
23.Rc3 a5 24.Ne2 h4 25.b3 Kg8 26.Rd3 Rg7 27.Qe3 Rc5 28.Qf3 Re5 29.Red1 Qc5
30.h3 a4 31.Kf1 axb3 32.axb3 Re4 33.Nc3 Qe5 34.Kg1 d5 35.cxd5 Re1+ 36.Rxe1 Qxe1+
37.Kh2 Bd6+ 38.g3 hxg3+ 39.fxg3 Rxg3 40.Qxg3+ Bxg3+ 41.Rxg3+ Kf8 42.Kg2 e5
43.Rd3 e4  0-1

[Event "ch-Euro Senior"]
[Site "Davos SUI"]
[Date "2006.08.07"]
[Round "3"]
[White "Jansa,Vl"]
[Black "Ivanets,V RUS"]
[Result "1-0"]
[WhiteElo "2482"]
[BlackElo "2267"]

1.e4 c5 2.Nf3 Nc6 3.Bb5 Qc7 4.O-O a6 5.Bxc6 Qxc6 6.Nc3 b5 7.d4 cxd4 8.Nxd4 Qb7
9.Re1 e6 10.Bg5 Ne7 11.Qh5 b4 12.Bxe7 bxc3 13.Bxf8 g6 14.Qc5 Rxf8 15.Qxc3 Rb8
16.b3 Qb6 17.Rad1 Bb7 18.Qd3 Qc7 19.c4 e5 20.Nc2 Bc6 21.Ne3 f6 22.Nd5 Qa5
23.Re2 Kf7 24.Red2 Rb7 25.h4 h5 26.Qe3 Kg7 27.Ne7 Rf7 28.Nc8 Rb8 29.Nd6 Rff8
30.c5 Qc7 31.Qc3 a5 32.a3 Ra8 33.b4 Rfb8 34.Qc4 axb4 35.axb4 Ba4 36.Qf7+ Kh6
37.Qxf6 Rg8 38.Rc1 Kh7 39.b5 Rab8 40.Rb2 Rbf8 41.Qe7+ Kh6 42.Qxe5 Qd8 43.Qd4 Bxb5
44.Rxb5 Qxh4 45.Qe3+ Kh7 46.Rb7 Rg7 47.c6 dxc6 48.Rxg7+ Kxg7 49.Rxc6 Rb8
50.Qc3+ Kg8 51.Rc8+ Rxc8 52.Qxc8+  1-0

[Event "Open"]
[Site "Olomouc CZE"]
[Date "2006.08.07"]
[Round "6"]
[White "Wall,G"]
[Black "Maslak,A"]
[Result "0-1"]
[WhiteElo "2344"]
[BlackElo "2187"]

1.e4 c5 2.Nf3 Nc6 3.Bb5 g6 4.O-O Bg7 5.Nc3 Nd4 6.Nxd4 cxd4 7.Ne2 e6 8.c3 dxc3
9.dxc3 a6 10.Ba4 b5 11.Bc2 Bb7 12.Bf4 Nf6 13.Qd4 O-O 14.Qe3 d5 15.Rad1 Qc8
16.e5 Nd7 17.Rfe1 Qc7 18.Nc1 b4 19.Rd3 Nc5 20.Rd4 bxc3 21.Qxc3 Rfc8 22.Nd3 Nxd3
23.Qxc7 Rxc7 24.Bxd3 a5 25.Ra4 Bc6 26.Rc1 Rcc8 27.Ra3 g5 28.Bxg5 Bxe5 29.Rb3 Ba4
30.Rb7 Rxc1+ 31.Bxc1 Kg7 32.Kf1 Rc8 33.Bd2 Bc2 34.Ke2 a4 35.Rb4 h5 36.f4 Bf6
37.g3 Bxd3+ 38.Kxd3 Ra8 39.Bc1 Kg6 40.Rb7 Bg7 41.Be3 f6 42.f5+ exf5 43.Rd7 Rb8
44.Bd4 Rb5 45.Ra7 Bh6 46.Rxa4 f4 47.Ra6 fxg3 48.Rxf6+ Kg5 49.h4+ Kxh4 50.Rxh6 Kg4
51.a4 Rb4 52.a5 g2 53.Rg6+ Kf3 54.a6 h4 55.a7 Ra4 56.b4 h3 57.Bg1 Rxa7 58.Rf6+ Kg4
59.b5 Ra1 60.Bh2 Rh1 61.b6 Rxh2 62.Rg6+ Kf5 63.b7 g1=Q 64.Rxg1 Rb2 65.Rg3 Rxb7  0-1

[Event "17th Jozef Kochan Mem"]
[Site "Koszalin POL"]
[Date "2006.08.08"]
[Round "5"]
[White "Kveinys,A"]
[Black "Kuziola,M"]
[Result "1-0"]
[WhiteElo "2546"]
[BlackElo "2269"]

1.e4 c5 2.Nf3 Nc6 3.Bb5 g6 4.Bxc6 bxc6 5.O-O Bg7 6.c3 d6 7.d4 cxd4 8.cxd4 Nf6
9.Nc3 Bg4 10.h3 Bxf3 11.Qxf3 Nd7 12.Rd1 Rb8 13.e5 dxe5 14.dxe5 O-O 15.e6 Ne5
16.exf7+ Kh8 17.Qe2 Qa5 18.Be3 Nxf7 19.Rac1 Nd6 20.Bd4 e5 21.Bxa7 Qxa7 22.Rxd6 e4
23.Rcd1 e3 24.fxe3 Be5 25.Rd7 Qc5 26.Kh1 Qb4 27.R7d2 Qh4 28.Qg4 Qf6 29.Ne2 Bxb2
30.Nd4 c5 31.Nf3 Qa6 32.Rd7 Bg7 33.Rxg7 Kxg7 34.Rd7+ Kg8 35.Qh4 Rb1+ 36.Kh2 Rf7
37.Qd8+ Kg7 38.Rxf7+ Kxf7 39.Ng5+ Kg7 40.Qe7+ Kh6 41.Ne6  1-0

[Event "17th Jozef Kochan Mem"]
[Site "Koszalin POL"]
[Date "2006.08.10"]
[Round "7"]
[White "Krysztofiak,M"]
[Black "Kuziola,M"]
[Result "1-0"]
[WhiteElo "2388"]
[BlackElo "2269"]

1.e4 c5 2.Nf3 Nc6 3.Bb5 g6 4.O-O Bg7 5.c3 Nf6 6.Qa4 O-O 7.d4 cxd4 8.cxd4 Ne8
9.d5 Ne5 10.Nxe5 Bxe5 11.Nc3 Nc7 12.Bd3 d6 13.Bh6 Re8 14.f4 Bd7 15.Qd1 Bh8
16.Qf3 Bg7 17.Bxg7 Kxg7 18.e5 Bb5 19.Nxb5 Nxb5 20.Bxb5 Qb6+ 21.Rf2 Qxb5 22.f5 dxe5
23.fxg6 fxg6 24.Qf7+ Kh8 25.Qe6 Qb6 26.Qxe5+ Kg8 27.Rf1 Rf8 28.Qe6+ Qxe6
29.dxe6 Rxf2 30.Rxf2 Rc8 31.Rf7 Rc2 32.Rxe7 Rxb2 33.Rc7 Re2 34.Rxb7 Rxe6
35.Rxa7 Re2 36.h4 Re4 37.g3 Re2 38.Kf1 Rb2 39.a4 Ra2 40.a5 Kh8 41.a6 Kg8
42.Ke1 Kh8 43.Kd1 Kg8 44.Kc1 Kh8 45.Kb1 Ra5 46.Kb2 Kg8 47.Kb3 Ra1 48.Kb4 Rb1+
49.Kc5 Rc1+ 50.Kb6 Rb1+ 51.Kc6 Rc1+ 52.Kb7 Rb1+ 53.Kc8 Ra1 54.g4 Ra4 55.g5 Kh8
56.Kb8 Kg8 57.Kc8 Kh8 58.Ra8 Kg7 59.Kb7 Rb4+ 60.Ka7 Rxh4 61.Rb8 Kf7 62.Rb6 Rg4
63.Kb7 Rxg5 64.a7  1-0

[Event "107th Annual US Open"]
[Site "Chicago USA"]
[Date "2006.08.11"]
[Round "7"]
[White "Wang,Dr"]
[Black "Fedorowicz,J"]
[Result "0-1"]
[WhiteElo "2193"]
[BlackElo "2482"]

1.e4 c5 2.Nf3 Nc6 3.Bb5 e6 4.O-O Nge7 5.c3 a6 6.Ba4 c4 7.d4 cxd3 8.Qxd3 Ng6
9.Rd1 b5 10.Bc2 Qc7 11.Be3 Be7 12.Nbd2 O-O 13.Qe2 Rb8 14.Rac1 Bb7 15.Nb3 Nce5
16.Nxe5 Nxe5 17.Bf4 d6 18.Nd2 Rbd8 19.Bb1 Ng6 20.Be3 d5 21.exd5 Bxd5 22.Be4 Bxe4
23.Nxe4 Qc6 24.f3 f5 25.Nd2 e5 26.Nb3 Qe6 27.Rxd8 Rxd8 28.Rd1 Rc8 29.Qd2 f4
30.Bf2 Rd8 31.Qe2 Rxd1+ 32.Qxd1 e4 33.fxe4 Qxe4 34.Nd4 Ne5 35.Qe2 Qxe2 36.Nxe2 Nd3
37.b3 g5 38.Kf1 Kf7 39.Be1 Bf6 40.Bd2 Ke6 41.Ng1 Kf5 42.Ke2 Ke4 43.g3 fxg3
44.hxg3 g4 45.Kd1 Be5 46.Ne2 Kf3  0-1

[Event "Open"]
[Site "Stare Mesto CZE"]
[Date "2006.08.11"]
[Round "1"]
[White "Hasangatin,R"]
[Black "Uricar,Z"]
[Result "1-0"]
[WhiteElo "2491"]
[BlackElo "2043"]

1.e4 c5 2.Nf3 Nc6 3.Bb5 g6 4.O-O Bg7 5.c3 Nf6 6.Qa4 O-O 7.d4 cxd4 8.cxd4 d6
9.Nc3 Bg4 10.d5 Ne5 11.Nxe5 dxe5 12.f3 Qb6+ 13.Kh1 a6 14.Bd3 Bd7 15.Qa3 Rfe8
16.Re1 Qf2 17.Bg5 h6 18.Rf1 Qd4 19.Ne2 Qa4 20.Qxa4 Bxa4 21.Bh4 Rac8 22.Nc3 Bd7
23.a4 Nh5 24.Rfd1 Bf8 25.Bf1 Red8 26.Bf2 Re8 27.a5 Ng7 28.Ra3 e6 29.Rb3 exd5
30.exd5 Rc7 31.d6 Be6 32.dxc7 Bxb3 33.Rd8 Be6 34.Nd5  1-0

[Event "Acropolis Open"]
[Site "Athens GRE"]
[Date "2006.08.13"]
[Round "1"]
[White "Al Modiahki,M"]
[Black "Pandavos,P"]
[Result "1-0"]
[WhiteElo "2564"]
[BlackElo "2312"]

1.e4 c5 2.Nf3 Nc6 3.Bb5 a6 4.Bxc6 dxc6 5.d3 Bg4 6.h3 Bh5 7.g4 Bg6 8.h4 f6
9.h5 Bf7 10.Be3 e5 11.Nbd2 Qa5 12.Qe2 O-O-O 13.a3 Bd6 14.O-O-O Ne7 15.Nc4 Qc7
16.Nfd2 b5 17.Nxd6+ Qxd6 18.f3 Kb7 19.Qf2 Nc8 20.Bxc5 Qc7 21.Nf1 Rd7 22.Ng3 Be6
23.Nf5 h6 24.Nh4 Nb6 25.Ng6 Re8 26.d4 exd4 27.Rxd4 Rxd4 28.Qxd4 Nd7 29.Bd6 Qb6
30.Qd2 Rd8 31.Be7 Re8 32.Rd1 Ne5 33.Nxe5 Rxe7 34.Qd6  1-0

[Event "San Agustin Open"]
[Site "Aviles ESP"]
[Date "2006.08.13"]
[Round "9"]
[White "Barrientos,S"]
[Black "Oms Fuentes,L"]
[Result "0-1"]
[WhiteElo "2435"]
[BlackElo "2310"]

1.e4 c5 2.Nf3 Nc6 3.Bb5 g6 4.Bxc6 dxc6 5.h3 Bg7 6.d3 e5 7.O-O Ne7 8.Be3 b6
9.Nbd2 Qc7 10.a3 O-O 11.b4 cxb4 12.axb4 h6 13.Nc4 Be6 14.Re1 g5 15.Qc1 Ng6
16.Ra3 Rab8 17.Nh2 Rb7 18.Qd1 Qe7 19.Bd2 Rd7 20.Ne3 Nf4 21.Nhf1 a5 22.Ra4 axb4
23.Rxb4 b5 24.Ng3 Rfd8 25.Nef5 Bxf5 26.Nxf5 Qe6 27.Qa1 Bf8 28.Rbb1 Bc5 29.Be3 Bf8
30.Qa5 Ng6 31.Ra1 Nh4 32.Nxh4 gxh4 33.Qb6 Kh7 34.Ra6 Bb4 35.Rea1 Rg8 36.Ra8 Bf8
37.Kh1 Qg6 38.Rg1 Qe6 39.Qa6 Be7 40.Rxg8 Kxg8 41.Qc8+ Kh7 42.Rf1 Rd6 43.Qb7 Rd7
44.Qa6 Rd8 45.f4 exf4 46.Bxf4 Rg8 47.Qa7 Rg7 48.Bh2 c5 49.Qb7 b4 50.Qd5 Kg8
51.Qxe6 fxe6 52.Be5 Rf7 53.Rxf7 Kxf7 54.Kg1 Ke8 55.Kf2 Kd7 56.Kf3 h5 57.Bg7 Bg5
58.Bf8 Kc6 59.e5 Kd5 60.Bg7 Kd4 61.Bf6 Kc3 62.d4 cxd4 63.Bxg5 Kxc2 64.Be7 b3
65.Ba3 d3  0-1

[Event "Acropolis Women's Open"]
[Site "Athens GRE"]
[Date "2006.08.14"]
[Round "2"]
[White "Burtasova,A"]
[Black "Smokina,K"]
[Result "1-0"]
[WhiteElo "2311"]
[BlackElo "2215"]

1.e4 c5 2.Nf3 Nc6 3.Bb5 g6 4.O-O Bg7 5.c3 e5 6.d4 exd4 7.cxd4 cxd4 8.Bf4 Nge7
9.Bd6 O-O 10.Nbd2 h6 11.Re1 a6 12.Bd3 b5 13.e5 f5 14.exf6 Rxf6 15.Ne4 Re6
16.Bc2 Nf5 17.Bb3 Kh7 18.Bxe6 dxe6 19.Bf4 Qd5 20.Rc1 Bd7 21.Nc5 Rd8 22.Qb3 Qxb3
23.axb3 e5 24.Nxe5 Nxe5 25.Bxe5 Bxe5 26.Rxe5 Bc8 27.Nd3 Bd7 28.Rc7  1-0

[Event "Acropolis Women's Open"]
[Site "Athens GRE"]
[Date "2006.08.14"]
[Round "2"]
[White "Makropoulou,M"]
[Black "Vijayalakshmi,S"]
[Result "1-0"]
[WhiteElo "2297"]
[BlackElo "2417"]

1.e4 c5 2.Nf3 Nc6 3.Bb5 g6 4.c3 Bg7 5.d4 cxd4 6.cxd4 Qb6 7.Nc3 Bxd4 8.Nxd4 Qxd4
9.Qe2 e6 10.O-O Nge7 11.Bh6 g5 12.Bxg5 Rg8 13.Be3 Qg7 14.f4 b6 15.Rf2 Bb7
16.Ba6 O-O-O 17.Rc1 d5 18.f5 d4 19.f6 dxe3 20.Bxb7+ Kxb7 21.fxg7 exf2+ 22.Qxf2 Rxg7
23.Rd1 Rxd1+ 24.Nxd1 f5 25.b4 Rg4 26.Nc3 e5 27.h3 Rf4 28.Qe2 fxe4 29.b5 Nd8
30.g3 Rf6 31.Qxe4+ Kc8 32.Qxh7 Re6 33.Ne4 Nb7 34.Ng5 Kd7 35.Nxe6 Kxe6 36.h4 Nd6
37.Qh6+ Kd5 38.Qd2+ Ke6 39.g4 e4 40.Qh6+ Ke5 41.Qg5+ Ke6 42.h5 Nd5 43.h6 e3
44.h7 e2 45.Qd2 Nf4 46.h8=Q  1-0

[Event "Independence Cup A"]
[Site "Kyiv UKR"]
[Date "2006.08.14"]
[Round "2"]
[White "Odnorozhenko,E"]
[Black "Shishkin,Va UKR"]
[Result "0-1"]
[WhiteElo "2242"]
[BlackElo "2529"]

1.e4 c5 2.Nf3 Nc6 3.Bb5 g6 4.Bxc6 dxc6 5.h3 Bg7 6.d3 b6 7.Nc3 Nh6 8.Be3 f6
9.Nh2 e5 10.f4 f5 11.fxe5 Nf7 12.Qe2 Nxe5 13.O-O-O O-O 14.Nf3 f4 15.Bf2 Be6
16.Kb1 Qd7 17.Ng5 h6 18.Nxe6 Qxe6 19.d4 cxd4 20.Bxd4 Rae8 21.Rhe1 Rf7 22.Rf1 g5
23.Qh5 b5 24.Qe2 a5 25.Qf2 Kh7 26.Qe2 Rd7 27.h4 gxh4 28.Rxf4 Ng6  0-1

[Event "Open"]
[Site "Predeal ROM"]
[Date "2006.08.14"]
[Round "3"]
[White "Nevednichy,B"]
[Black "Murariu,A"]
[Result "1/2-1/2"]
[WhiteElo "2274"]
[BlackElo "2516"]

1.e4 c5 2.Nf3 Nc6 3.Bb5 d6 4.d4 cxd4 5.Qxd4 Bd7 6.Bxc6 Bxc6 7.Nc3 Nf6 8.Bg5 e6
9.O-O-O Be7 10.Rhe1 O-O 11.Kb1 Qc7 12.Qd2 Rfd8 13.Nd4 Be8 14.f3 a6 15.g4 b5
16.Bxf6 Bxf6 17.g5 Be7 18.f4 Bf8 19.h4 b4 20.Nce2 e5 21.Nf3 Rac8 22.Nc1 a5
23.Nd3 Ba4 24.Rc1 Qb7 25.fxe5 d5 26.exd5 Qxd5 27.Re3 Rc6 28.Qh2 Rdc8 29.Nfe1 Bb5
30.Qg2 Qd7 31.Qh3 Qd4 32.e6 fxe6 33.Rxe6 a4 34.Rxc6 Rxc6 35.Qf5 Bc4 36.Nf3 Qb6
37.Nfe5 Be6 38.Qf3 Rc8 39.Nf4 b3 40.axb3 axb3 41.Nxe6 bxc2+ 42.Rxc2 Qg1+
43.Ka2 Qa7+ 44.Kb1  1/2-1/2

[Event "Open"]
[Site "Predeal ROM"]
[Date "2006.08.14"]
[Round "4"]
[White "Sofronie,I"]
[Black "Grigore,Ge"]
[Result "0-1"]
[WhiteElo "2410"]
[BlackElo "2472"]

1.e4 c5 2.Nf3 Nc6 3.Bb5 g6 4.Bxc6 bxc6 5.O-O Bg7 6.Re1 Nh6 7.c3 O-O 8.h3 f6
9.d4 cxd4 10.cxd4 d6 11.Nc3 Nf7 12.b3 Bd7 13.Bb2 Qa5 14.Rc1 Rfc8 15.Rc2 Qh5
16.Ne2 Qa5 17.Bc3 Qd8 18.b4 c5 19.Rb2 cxd4 20.Bxd4 e5 21.Be3 f5 22.Qb3 f4
23.Bc1 g5 24.Rd2 Qf6 25.Nc3 Bf8 26.Nd5 Qg6 27.Nh2 h5 28.f3 Be6 29.Bb2 Nh6
30.a4 Rab8 31.b5 Rb7 32.Ree2 g4 33.hxg4 hxg4 34.fxg4 Rf7 35.a5 Nxg4 36.Nxg4 Qxg4
37.Rf2 Qh4 38.Rd3 Kh8 39.b6 axb6 40.axb6 Rh7 41.Rh3 Bxh3 42.Qxh3 Qxf2+  0-1

[Event "Open"]
[Site "Predeal ROM"]
[Date "2006.08.14"]
[Round "4"]
[White "Ardeleanu,A"]
[Black "Manicuta,M"]
[Result "1-0"]
[WhiteElo "2424"]
[BlackElo "2151"]

1.e4 c5 2.Nf3 Nc6 3.Bb5 g6 4.O-O Bg7 5.c3 Nf6 6.e5 Nd5 7.d4 cxd4 8.cxd4 O-O
9.Nc3 Nc7 10.Ba4 d5 11.h3 Na5 12.Bc2 b5 13.Re1 Rb8 14.b3 Bd7 15.a3 Bc6 16.Na2 Ne6
17.Bd2 Bb7 18.Nb4 Qb6 19.Be3 Rbc8 20.Qd2 Rfd8 21.Rec1 Rd7 22.Bd1 Rdc7 23.Rxc7 Rxc7
24.a4 bxa4 25.Rxa4 Rd7 26.Qa2 Nc6 27.Nxc6 Bxc6 28.Ra6 Qb7 29.Be2 Rc7 30.Ra5 Bf8
31.Ne1 Ng7 32.g4 f5 33.Nd3 Ne6 34.Kh2 h6 35.Bf3 f4 36.Nxf4 Nxf4 37.Bxf4 e6
38.Be2 Bb4 39.Ra6 g5 40.Be3 Kf8 41.h4 Rg7 42.Qc2 Bd7 43.hxg5 hxg5 44.Kg2 Ke8
45.Ra1 a5 46.Rh1 Qc6 47.Rh8+ Kf7 48.Qd3 Qc3 49.Rh5 Qxd3 50.Bxd3 Bc3 51.Rh1 a4
52.bxa4 Bxa4 53.Rc1 Bb2 54.Rb1 Bc3 55.Rc1 Bb4 56.Rc7+ Be7 57.Bd2 Bd1 58.Kg3 Kf8
59.Rc8+ Kf7 60.Rc7 Kf8 61.Rc1 Ba4 62.Ra1 Bb3 63.Ra8+ Kf7 64.Bb5 Rg8 65.Ra7 Rb8
66.Bxg5 Rxb5 67.Rxe7+ Kf8 68.Rxe6 Bc4 69.Rf6+ Ke8 70.Be3 Rb1 71.Kf4  1-0

[Event "Open"]
[Site "Predeal ROM"]
[Date "2006.08.14"]
[Round "4"]
[White "Valeanu,E"]
[Black "Sveshnikov,E"]
[Result "0-1"]
[WhiteElo "2361"]
[BlackElo "2496"]

1.e4 c5 2.Nf3 Nc6 3.Bb5 e6 4.O-O Nge7 5.Nc3 Ng6 6.Re1 Be7 7.Bxc6 bxc6 8.e5 O-O
9.d3 f6 10.exf6 Bxf6 11.Ne4 d6 12.Nfg5 Bxg5 13.Bxg5 Qc7 14.c3 e5 15.d4 cxd4
16.cxd4 d5 17.Nc3 Qf7 18.f3 h6 19.Bc1 Nh4 20.Re2 Qg6 21.Kh1 e4 22.Rf2 exf3
23.g3 Bh3 24.Bf4 Rxf4 25.gxf4 Rf8 26.Qb1 Qg4 27.Qd3 Rxf4 28.Re1 Qg2+  0-1

[Event "Petrovskaja Ladja S"]
[Site "Peterhof RUS"]
[Date "2006.08.15"]
[Round "2"]
[White "Kim,Alex"]
[Black "Yevseev,D"]
[Result "1/2-1/2"]
[WhiteElo "2454"]
[BlackElo "2572"]

1.e4 c5 2.Nf3 Nc6 3.Bb5 g6 4.Bxc6 dxc6 5.d3 Bg7 6.h3 Nf6 7.Nc3 c4 8.dxc4 Qxd1+
9.Kxd1 Be6 10.c5 O-O-O+ 11.Ke1 Nd7 12.Be3 Bxc3+ 13.bxc3 f6 14.a4 Bf7 15.Rd1 Nb8
16.Rd3 Na6 17.Nd2 Rd7 18.Rxd7 Kxd7 19.f4 h5 20.Nf3 h4 21.Bf2 Rh5 22.Nxh4 g5
23.fxg5 Rxg5 24.Bd4 Nxc5 25.Nf3 Rxg2 26.Bxc5 Rxc2 27.Be3 Rxc3 28.Kf2 Ra3
29.Bxa7 Rxa4 30.Rd1+ Kc7 31.Bd4 e5 32.Nxe5 fxe5 33.Bxe5+ Kc8 34.Bd4  1/2-1/2

[Event "Open"]
[Site "Predeal ROM"]
[Date "2006.08.15"]
[Round "5"]
[White "Sanduleac,V"]
[Black "Posedaru,B"]
[Result "1-0"]
[WhiteElo "2519"]
[BlackElo "2175"]

1.e4 c5 2.Nf3 Nc6 3.Bb5 d6 4.Bxc6+ bxc6 5.e5 d5 6.h3 e6 7.d3 Ne7 8.O-O Ng6
9.c4 Be7 10.Nc3 O-O 11.Na4 Qc7 12.Re1 f6 13.exf6 Rxf6 14.b3 Bd7 15.Bg5 Rxf3
16.Bxe7 Rf5 17.Bxc5 e5 18.Nc3 Nf4 19.Ne2 Ne6 20.Be3 d4 21.Bd2 Raf8 22.Rf1 c5
23.Ng3 R5f6 24.Ne4 Rg6 25.Kh2 Nf4 26.Bxf4 exf4 27.f3 Rf5 28.Qd2 Rh5 29.Nf2 Qe5
30.Rae1 Qg5 31.Ng4 Re6 32.Rxe6 Bxe6 33.Kg1 Qg6 34.Qxf4 Qxd3  1-0

[Event "Acropolis Women's Open"]
[Site "Athens GRE"]
[Date "2006.08.16"]
[Round "4"]
[White "Makropoulou,M"]
[Black "Rogule,L"]
[Result "1/2-1/2"]
[WhiteElo "2297"]
[BlackElo "2342"]

1.e4 c5 2.Nf3 Nc6 3.Bb5 e6 4.O-O Nge7 5.Re1 Ng6 6.c3 Be7 7.d4 cxd4 8.cxd4 d5
9.Nc3 O-O 10.a3 Na5 11.Bd3 dxe4 12.Nxe4 b6 13.b4 Nc6 14.Bb2 Bb7 15.Qd2 Rc8
16.Rad1 Bd6 17.Nxd6 Qxd6 18.Qg5 Nce7 19.Qg3 Qxg3 20.hxg3  1/2-1/2

[Event "Open"]
[Site "Predeal ROM"]
[Date "2006.08.16"]
[Round "6"]
[White "Sofronie,I"]
[Black "Dragomirescu,R"]
[Result "1-0"]
[WhiteElo "2410"]
[BlackElo "2090"]

1.e4 c5 2.Nf3 Nc6 3.Bb5 g6 4.Bxc6 dxc6 5.d3 Bg7 6.h3 Nf6 7.Nc3 O-O 8.Be3 b6
9.Qd2 e5 10.Bh6 Qd6 11.Nh2 a5 12.a4 Ba6 13.Bxg7 Kxg7 14.b3 Nh5 15.Ne2 Rad8
16.Qc3 f6 17.g4 Nf4 18.Nxf4 exf4 19.Nf3 Kg8 20.O-O-O b5 21.Rhe1 c4 22.dxc4 Qa3+
23.Qb2 Rxd1+ 24.Rxd1 Qc5 25.cxb5 cxb5 26.Nd4 Rd8 27.axb5 Bxb5 28.Nxb5 Rxd1+
29.Kxd1 Qxb5 30.c4 Qb4 31.Qc2 Qc5 32.Ke2 Kg7 33.Qd3 Qe5 34.Kf3 Kh6 35.Qc2 Kg7
36.c5 f5 37.gxf5 gxf5 38.c6 Qe8 39.exf5 Qh5+ 40.Ke4 Qxh3 41.Ke5 Qh6 42.c7 Qf6+
43.Kd5 Qf7+ 44.Kc6 Qe8+ 45.Kb6 Qc8 46.Qd3  1-0

[Event "Independence Cup A"]
[Site "Kyiv UKR"]
[Date "2006.08.17"]
[Round "5"]
[White "Odnorozhenko,E"]
[Black "Gubay,N"]
[Result "1-0"]
[WhiteElo "2242"]
[BlackElo "2165"]

1.e4 c5 2.Nf3 Nc6 3.Bb5 g6 4.Bxc6 dxc6 5.h3 e5 6.d3 f6 7.Be3 Nh6 8.Qd2 Nf7
9.Nc3 f5 10.exf5 gxf5 11.Qe2 Qe7 12.h4 f4 13.Bd2 Bg4 14.O-O-O O-O-O 15.Rde1 Re8
16.Qe4 Bxf3 17.Qxf3 Qd7 18.Ne4 Re6 19.Bc3 b6 20.Kb1 Bg7 21.g3 fxg3 22.fxg3 Rf8
23.Rhf1 Nd6 24.Qg4 Rxf1 25.Rxf1 Nxe4 26.Qxe4 Bf6 27.a3 Kb7 28.Rh1 h5 29.Rf1 Bd8
30.Rf5 Rf6 31.Rxf6 Bxf6 32.Qg6 Qe7 33.Qxh5 b5 34.Qg4 Bg7 35.h5 Qf6 36.Qd7+ Ka6
37.g4 c4 38.g5 Qf3 39.h6 Bxh6 40.gxh6 cxd3 41.Qxd3 Qh1+ 42.Ka2 Qxh6 43.Qe4 Qe6+
44.b3 Qd5 45.Qxd5 cxd5 46.Bxe5 Kb6 47.Bd4+ Kb7 48.Kb2 a5 49.Kc3 Kc6 50.b4 a4
51.Bc5 d4+ 52.Kxd4  1-0

[Event "Petrovskaja Ladja S"]
[Site "Peterhof RUS"]
[Date "2006.08.18"]
[Round "7"]
[White "Can,E"]
[Black "Lintchevski,D"]
[Result "1-0"]
[WhiteElo "2301"]
[BlackElo "2429"]

1.e4 c5 2.Nf3 Nc6 3.Bb5 e6 4.O-O Nge7 5.c3 a6 6.Be2 d5 7.exd5 Nxd5 8.d4 Nf6
9.Ne5 cxd4 10.Nxc6 bxc6 11.Qa4 Qb6 12.Nd2 Bd7 13.Nc4 Qa7 14.cxd4 c5 15.Qa3 cxd4
16.Nd6+ Bxd6 17.Qxd6 Rd8 18.Qxa6 Qxa6 19.Bxa6 Nd5 20.Rd1 Nb4 21.Bc4 Nc6 22.Bd2 Rb8
23.Rab1 Ke7 24.b4 Rhc8 25.Ba6 e5 26.b5 Na7 27.Bxc8 Nxc8 28.a4 Ke6 29.Rdc1 Nd6
30.Bb4 Ne4 31.Kf1 Ra8 32.b6 Bxa4 33.b7 Rb8 34.Rc7 d3 35.Ke1 Kd5 36.Ra1 d2+
37.Bxd2 Bc6 38.Rxf7 Rxb7 39.Rxb7 Bxb7 40.Ra7 Kc6 41.Ra5 Nc5 42.Be3 Nd7 43.Ke2 Kd6
44.g3 Ke6 45.Bd2 g6 46.Bc3 h5 47.Ke3 Bd5 48.Ra6+ Kf5 49.Ra5 Ke6 50.f4 exf4+
51.Kxf4 Bc4 52.Bd4 Bd3 53.Ra3 Bf5 54.Ra6+ Kd5 55.Bf2 Nb8 56.Rf6 Nd7 57.Rxf5+ gxf5
58.Kxf5 Ne5 59.h3 Nd3 60.Be3 Ne5 61.Kg5 Ke4 62.Bf4 Nd3 63.h4 Nf2  1-0

[Event "Petrovskaja Ladja S"]
[Site "Peterhof RUS"]
[Date "2006.08.19"]
[Round "10"]
[White "Can,E"]
[Black "Yevseev,D"]
[Result "1/2-1/2"]
[WhiteElo "2301"]
[BlackElo "2572"]

1.e4 c5 2.Nf3 Nc6 3.Bb5 d6 4.O-O Bd7 5.Re1 Nf6 6.c3 a6 7.Bf1 Bg4 8.h3 Bxf3
9.Qxf3 g6 10.Qd1 Bh6 11.Na3 O-O 12.d4 Bxc1 13.Rxc1 cxd4 14.cxd4 Qb6 15.e5 dxe5
16.dxe5 Rad8 17.Nc4 Qa7 18.Qb3 Nd5 19.Qg3 Nd4 20.Bd3 Nb4 21.Bb1 b5  1/2-1/2

[Event "Stukkenjagers Weekend"]
[Site "Tilburg NED"]
[Date "2006.08.20"]
[Round "5"]
[White "Both,E"]
[Black "Willemze,T"]
[Result "1-0"]
[WhiteElo "2286"]
[BlackElo "2396"]

1.e4 c5 2.Nf3 Nc6 3.Bb5 g6 4.O-O Bg7 5.c3 e5 6.d3 d6 7.Nbd2 Ne7 8.a3 O-O
9.b4 h6 10.Bb2 Be6 11.Re1 Qb6 12.Bc4 Rad8 13.Bxe6 fxe6 14.Qb3 d5 15.bxc5 Qxc5
16.d4 exd4 17.cxd4 Qd6 18.exd5 exd5 19.Ne4 Qb8 20.Nc5 Rf5 21.Ne6 Rd6 22.Nxg7 Kxg7
23.Re2 Rdf6 24.Rae1 Rxf3 25.gxf3 Rf7 26.Bc1 Qc8 27.Bf4 Qh3 28.Bg3 b6 29.Qc3 h5
30.Re6 h4 31.Bd6 Nf5 32.Qxc6 Qxf3 33.Be5+ Kh7 34.Rxg6 h3 35.Qe6 Ng7 36.Qxf7  1-0

[Event "6th Open"]
[Site "Velika Gorica CRO"]
[Date "2006.08.20"]
[Round "2"]
[White "Majeric,Z"]
[Black "Hibner,B"]
[Result "1-0"]
[WhiteElo "2292"]
[BlackElo "2118"]

1.e4 c5 2.Nf3 Nc6 3.Bb5 a6 4.Bxc6 bxc6 5.O-O Qc7 6.d3 h6 7.e5 e6 8.a4 a5
9.b3 g5 10.Re1 Be7 11.Bb2 g4 12.Nfd2 h5 13.Ne4 Rh6 14.Nbd2 Ba6 15.f3 f5 16.exf6 Nxf6
17.Bxf6 Bxf6 18.Nxf6+ Rxf6 19.fxg4 hxg4 20.Qxg4 O-O-O 21.Ne4 Rf5 22.Qg3 d6
23.Qg6 Qe7 24.Ng3 Rf6 25.Qg4 Kc7 26.Rf1 Rdf8 27.Rxf6 Rxf6 28.Rf1 Bc8 29.Ne4 Rf5
30.Qe2 d5 31.Ng3 Rxf1+ 32.Qxf1 Qg5 33.Qe1 Kb6 34.Nf1 e5 35.Qg3 Qf6 36.h4 e4
37.dxe4 dxe4 38.Ne3 Qd4 39.Kh2 Be6 40.h5 c4 41.bxc4 Bxc4 42.h6 Be6 43.Qb8+  1-0

[Event "6th Open"]
[Site "Velika Gorica CRO"]
[Date "2006.08.20"]
[Round "3"]
[White "Padjen,Z"]
[Black "Ljubicic,F"]
[Result "0-1"]
[WhiteElo "2087"]
[BlackElo "2417"]

1.e4 c5 2.Nf3 Nc6 3.Bb5 e6 4.Bxc6 bxc6 5.O-O d6 6.e5 d5 7.d3 Ne7 8.c4 Ng6
9.Qa4 Bd7 10.Re1 Be7 11.Be3 O-O 12.Qa3 d4 13.Bc1 Qc7 14.Nbd2 a5 15.Nb3 a4
16.Nxc5 Ra5 17.Bd2 Bxc5 18.b4 Be7  0-1

[Event "Lichtenberger Sommer"]
[Site "Berlin GER"]
[Date "2006.08.21"]
[Round "3"]
[White "Pueschel,W"]
[Black "Mielke,N"]
[Result "1-0"]
[WhiteElo "2202"]
[BlackElo "2044"]

1.e4 c5 2.Nf3 Nc6 3.Bb5 g6 4.O-O Bg7 5.c3 Nf6 6.Re1 O-O 7.Na3 d5 8.exd5 Nxd5
9.Bxc6 bxc6 10.Qa4 Qc7 11.Nc4 f6 12.Qa3 Bg4 13.Qxc5 Bxf3 14.gxf3 Qf4 15.Qxc6 Qxf3
16.Qe6+ Kh8 17.Qe4 Qh5 18.d4 Rad8 19.Ne3 f5 20.Qh1 f4 21.Nxd5 Rxd5 22.f3 Rg5+
23.Kf2 Qh4+ 24.Ke2 e5 25.Kd3 exd4 26.c4 Qh3 27.Bd2 Rg2 28.Qf1 Qf5+ 29.Re4 Rxh2
30.Re1 g5 31.Kc2 Qa5 32.Qd3 Qxa2 33.Re7 Bf6 34.R7e4 Qa4+ 35.Kb1 Rb8 36.R4e2 Rxe2
37.Rxe2 Rb3 38.Qf5 Bg7 39.Qc8+  1-0

[Event "9th Open"]
[Site "Banyoles ESP"]
[Date "2006.08.22"]
[Round "7"]
[White "Arribas,M"]
[Black "Hetey,L"]
[Result "1/2-1/2"]
[WhiteElo "2283"]
[BlackElo "2331"]

1.e4 c5 2.Nf3 Nc6 3.Bb5 g6 4.O-O Bg7 5.c3 Nf6 6.Re1 O-O 7.d4 d5 8.exd5 Qxd5
9.Bxc6 Qxc6 10.dxc5 Qxc5 11.Be3 Qd5 12.Bd4 Re8 13.Nbd2 b6 14.Bxf6 Bxf6 15.Ne4 Qxd1
16.Nxf6+ exf6 17.Raxd1 Bg4 18.Rxe8+ Rxe8  1/2-1/2

[Event "3rd Dato Arthur Tan"]
[Site "Kuala Lumpur MAS"]
[Date "2006.08.22"]
[Round "4"]
[White "Nguyen Hoang Nam1"]
[Black "Sukandar,I"]
[Result "1-0"]
[WhiteElo "2338"]
[BlackElo "2237"]

1.e4 c5 2.Nf3 Nc6 3.Bb5 g6 4.Bxc6 dxc6 5.d3 Bg7 6.h3 Nf6 7.Nc3 O-O 8.Be3 b6
9.Qd2 Re8 10.O-O e5 11.Bh6 Bh8 12.Nh2 Ba6 13.f4 Qd4+ 14.Kh1 Nh5 15.Ne2 Qxb2
16.Rab1 Qa3 17.Ng4 c4 18.Rf3 Qxa2 19.Nc3 Qa5 20.fxe5 cxd3 21.cxd3 Bxe5 22.d4 Rad8
23.Nxe5 Rxe5 24.g4 Ng7 25.Qf4 Re7 26.Bxg7  1-0